header

Spacecraft dielectric material properties and spacecraft charging (Record no. 121324)

MARC details
000 -LEADER
fixed length control field 01439nam a2200349 a 4500
245 00 - TITLE STATEMENT
Title Spacecraft dielectric material properties and spacecraft charging
260 ## - PUBLICATION, DISTRIBUTION, ETC. (IMPRINT)
Place of publication New York, N.Y. :
Name of publisher American Institute of Aeronautics and Astronautics, Inc.,
Year of publication c1986.
300 ## - PHYSICAL DESCRIPTION
Number of Pages viii, 71 p. :
Other physical details ill.
490 1# - SERIES STATEMENT
Series statement Progress in astronautics and aeronautics ;
650 #0 - SUBJECT ADDED ENTRY--TOPICAL TERM
Topical Term Space vehicles
Topical Term Space vehicles
Topical Term Dielectrics.
700 1# - ADDED ENTRY--PERSONAL NAME
Personal name Frederickson, A. R.
856 40 - ELECTRONIC LOCATION AND ACCESS
Uniform Resource Identifier http://site.ebrary.com/lib/rucke/Doc?id=10516792

No items available.

© 2026 Rongo University
Contact us: librarian | system librarian | Rongo university